000 00822nam a2200253Ia 4500
003 OSt
005 20221005103743.0
006 a|||||r|||| 00| 0
007 ta
008 221004b |||||||| |||| 00| 0 hin d
024 _a108901
037 _cTextual
040 _aCRL
_cCRL
_bhin
041 _2hin
_ahin
082 _aO152,NB25,PG, N9
100 _aमिश्र, रामप्रसाद
245 0 _aपाण्डु - ग्रंथी
246 _aPāṇḍu - granthī
260 _aदिल्ली
_bआधुनिक प्रकाशन भारत
_c1999
300 _a59पृ0
_ccm.
650 _aहिन्दी साहित्य
942 _hO152,NB25,PG, N9
_cTEXL
_2cc
999 _c1010812
_d1010812